| 000 | 00000nam##2200000za#4500 |
| 001 | 9.563782 |
| 003 | CaOODSP |
| 005 | 20210624175017 |
| 007 | cr ||||||||||| |
| 008 | 150406|2004||||xxc|||||o f|0| 0 eng|d |
| 040 | |aCaOODSP|beng |
| 043 | |an-cn--- |
| 086 | 1 |aEn40-237/3-2004E-PDF |
| 110 | 1 |aCanada.|bEnvironment Canada. |bNational Water Research Institute. |
| 245 | 10|aThreats to water availability in Canada / |h[electronic resource]|cMeteorological Service of Canada. |
| 260 | |aBurlington - Ontario : |bEnvironment Canada. |cc2004. |
| 300 | |a150p.|bcoloured figs., graphs, maps, references, tables, photographs |
| 490 | 1 |aNWRI scientific assessment report series|vNo. 3 |
| 500 | |aThe catalogue number (En40-237/3-2004E) et l'ISBN (0-662-35826-0) of the print edition have been incorrectly copied in the PDF edition. |
| 520 | 3 |aComprises 15 chapters that collectively address a range of threats to water availability: for example, dams, reservoirs and flow regulation; droughts; floods; residential/urban development; industrial/manufacturing demands; mining; climate variability and change; and integrated and cumulative impacts. Each chapter details current status, trends, and knowledge and program needs. |
| 590 | |a08-20|b2008-05-16 |
| 775 | 08|tMenaces pour la disponibilité de l'eau au Canada / |w(CaOODSP)9.595658 |
| 776 | 0#|tThreats to water availability in Canada / |w(CaOODSP)9.616680 |
| 830 | #0|aNWRI Scientific assessment report series ;|vNo. 3|w(CaOODSP)9.504754 |
| 856 | 40|ahttp://publications.gc.ca|qPDF|s4275 KB|uhttps://publications.gc.ca/collections/collection_2008/ec/En40-237-3-2004E.pdf|yNo. 3 |